[Event "Gibraltar Challengers op-A"]
[Site "Caleta"]
[Date "2020.01.20"]
[Round "1"]
[White "Martinez Lopez, Jaime"]
[Black "Hng, Mei Xian Eunice"]
[Result "1-0"]
[WhiteElo "2042"]
[BlackElo "1661"]
[PlyCount "97"]
[EventDate "2020.01.20"]
[EventType "swiss"]
[EventRounds "5"]
[EventCountry "GGB"]
[SourceTitle "CBM 194 Extra"]
[Source "ChessBase"]
[SourceDate "2020.03.31"]
[SourceVersion "1"]
[SourceVersionDate "2020.03.31"]
[SourceQuality "1"]

1. d4 Nf6 2. Nf3 c5 3. d5 e6 4. Nc3 d6 5. e4 exd5 6. exd5 Be7 7. Bb5+ Bd7 8. a4 0-0 9. 0-0 a6 10. Bd3 Bg4 11. h3 Bxf3 12. Qxf3 Nbd7 13. Qd1 Re8 14. Re1 g6 15. Bf4 Qb6 16. Qd2 Qb4 17. a5 b5 18. axb6 Qxb6 19. Ra4 Qb7 20. Rea1 Nb8 21. Bf1 Bf8 22. R1a3 Qb6 23. Rb3 Qc7 24. Bh2 Qd8 25. Nb5 Nbd7 26. Nc3 Qc8 27. Rba3 Nb8 28. Bc4 Nfd7 29. Bf1 Nb6 30. Ra5 N6d7 31. Nb5 Ne5 32. Ra1 Nbd7 33. Nc3 c4 34. f4 Bh6 35. Qf2 Nc6 36. dxc6 Qxc6 37. Qd4 Bg7 38. Qxc4 Qb6+ 39. Kh1 Rec8 40. Qb3 Qf2 41. Ne4 Qd4 42. Bd3 Rab8 43. Qa4 Qxa4 44. R5xa4 d5 45. Nc3 Rxb2 46. Nxd5 Re8 47. Rxa6 Rb5 48. Bxb5 Bxa1 49. Rxa1 1-0

[Event "Wch Seniors 50 29th"]
[Site "Bucharest"]
[Date "2019.11.23"]
[Round "11"]
[White "Martinez Lopez, Jaime"]
[Black "Kirppo, Ronny"]
[Result "1/2-1/2"]
[WhiteElo "1985"]
[BlackElo "1901"]
[PlyCount "90"]
[EventDate "2019.11.12"]
[EventType "swiss"]
[EventRounds "11"]
[EventCountry "ROU"]
[SourceTitle "CBM 193 Extra"]
[Source "ChessBase"]
[SourceDate "2020.01.31"]
[SourceVersion "1"]
[SourceVersionDate "2020.01.31"]
[SourceQuality "1"]

1. d4 Nf6 2. Bg5 g6 3. Bxf6 exf6 4. c4 d5 5. cxd5 Qxd5 6. Nc3 Qd8 7. g3 Bg7 8. Bg2 f5 9. e3 0-0 10. Nge2 c6 11. 0-0 Be6 12. b4 Qd7 13. Qc2 Na6 14. a3 Nc7 15. Nf4 Rfc8 16. Rfc1 Bh6 17. Nd3 Bf8 18. Na4 Nd5 19. Nac5 Bxc5 20. Ne5 Qe8 21. bxc5 Nf6 22. Rab1 Rc7 23. Rb2 Nd7 24. Nd3 Bd5 25. Bxd5 cxd5 26. Rcb1 Rb8 27. Nb4 Qe6 28. Qa4 Ra8 29. Nd3 Qc6 30. Qa5 b6 31. Qb5 bxc5 32. dxc5 a6 33. Qa5 Rac8 34. Rc1 h5 35. Nb4 Qf6 36. Rd2 Rxc5 37. Rxc5 Rxc5 38. Qa4 Nb6 39. Qxa6 Kg7 40. Kg2 h4 41. a4 hxg3 42. hxg3 Qe6 43. Rd4 Nc4 44. Qxe6 fxe6 45. Rd1 Ra5 1/2-1/2

[Event "Wch Seniors 50 29th"]
[Site "Bucharest"]
[Date "2019.11.16"]
[Round "5"]
[White "Martinez Lopez, Jaime"]
[Black "Koehler, Gerhard"]
[Result "0-1"]
[WhiteElo "1985"]
[BlackElo "2184"]
[PlyCount "50"]
[EventDate "2019.11.12"]
[EventType "swiss"]
[EventRounds "11"]
[EventCountry "ROU"]
[SourceTitle "CBM 193 Extra"]
[Source "ChessBase"]
[SourceDate "2020.01.31"]
[SourceVersion "1"]
[SourceVersionDate "2020.01.31"]
[SourceQuality "1"]

1. d4 Nf6 2. Bg5 Ne4 3. Bf4 c5 4. f3 Nf6 5. dxc5 Qa5+ 6. Nc3 Qxc5 7. e4 d6 8. Qd2 a6 9. Nge2 Nbd7 10. Be3 Qc7 11. Nf4 e6 12. a4 b6 13. Bd3 Bb7 14. Qf2 Be7 15. 0-0 0-0 16. Rfd1 Rfe8 17. Kh1 Rac8 18. Bf1 Nc5 19. Rd2 Red8 20. Nd3 d5 21. exd5 Nxd5 22. Nxd5 Rxd5 23. b3 Rh5 24. Nf4 Rf5 25. Ne2 Ne4 0-1

[Event "Wch Seniors 50 29th"]
[Site "Bucharest"]
[Date "2019.11.13"]
[Round "2"]
[White "Mittermaier, Christian"]
[Black "Martinez Lopez, Jaime"]
[Result "0-1"]
[WhiteElo "1681"]
[BlackElo "1985"]
[PlyCount "104"]
[EventDate "2019.11.12"]
[EventType "swiss"]
[EventRounds "11"]
[EventCountry "ROU"]
[SourceTitle "CBM 193 Extra"]
[Source "ChessBase"]
[SourceDate "2020.01.31"]
[SourceVersion "1"]
[SourceVersionDate "2020.01.31"]
[SourceQuality "1"]

1. e4 g6 2. d4 d6 3. Bc4 Bg7 4. Ne2 e6 5. 0-0 Ne7 6. Bg5 a6 7. a4 b6 8. Nbc3 h6 9. Be3 Bb7 10. Qd2 Nd7 11. f3 Nf6 12. d5 exd5 13. exd5 Nf5 14. Bf2 0-0 15. Ng3 Qd7 16. Rfe1 Rfe8 17. Rxe8+ Rxe8 18. Re1 Nxg3 19. Bxg3 Nh5 20. b3 Nxg3 21. hxg3 Kf8 22. Kf2 Qf5 23. Rxe8+ Kxe8 24. Ne2 Qe5 25. Qd3 a5 26. f4 Qf6 27. Bb5+ Kd8 28. Qe3 Qe7 29. Bc4 Qxe3+ 30. Kxe3 Ke7 31. g4 g5 32. g3 Bc8 33. Kf3 f5 34. gxf5 Bxf5 35. c3 Bc2 36. Ke3 gxf4+ 37. gxf4 h5 38. Kd2 Be4 39. Ng3 Bf3 40. Nf5+ Kf7 41. Nxg7 Kxg7 42. Ke3 Bg4 43. Bd3 Kf6 44. Kd4 h4 45. Be4 Bf5 46. Bh1 Bc2 47. Kc4 Kf5 48. Kb5 Be4 49. Bxe4+ Kxe4 50. Kc6 h3 51. Kxc7 h2 52. Kxd6 h1Q 0-1

[Event "Xativa Murta op 5th"]
[Site "Xativa"]
[Date "2019.07.17"]
[Round "4"]
[White "Perez Mas, Jose Manuel"]
[Black "Martinez Lopez, Jaime"]
[Result "1-0"]
[WhiteElo "1711"]
[BlackElo "2007"]
[PlyCount "97"]
[EventDate "2019.07.15"]
[EventType "swiss"]
[EventRounds "9"]
[EventCountry "ESP"]
[SourceTitle "EXT 2020"]
[Source "ChessBase"]
[SourceDate "2019.10.17"]
[SourceVersion "1"]
[SourceVersionDate "2019.10.17"]
[SourceQuality "1"]

1. d4 d6 2. Bf4 g6 3. e3 Bg7 4. Nf3 Nd7 5. Bc4 e6 6. Nbd2 Ne7 7. c3 0-0 8. h4 h6 9. e4 e5 10. Be3 exd4 11. cxd4 Nf6 12. Qc2 d5 13. exd5 Nexd5 14. 0-0 c6 15. Bxd5 Nxd5 16. Nc4 Bg4 17. Nce5 Bxe5 18. Nxe5 Bf5 19. Qd2 Nxe3 20. fxe3 Qxh4 21. Rf4 Qg5 22. Qf2 Rae8 23. Rf1 f6 24. Nf3 Qh5 25. Rh4 Qxh4 26. Nxh4 Be4 27. Qg3 Kf7 28. Nf3 Kg7 29. Nd2 Bd3 30. Rf2 Rf7 31. e4 Bxe4 32. Nxe4 Rxe4 33. Rf4 Re2 34. Qc3 a6 35. Rf3 Re8 36. Re3 Rfe7 37. Rxe7+ Rxe7 38. Kf2 Kf7 39. Qc4+ Kg7 40. b4 Kf8 41. a4 Kg7 42. b5 axb5 43. axb5 cxb5 44. Qxb5 Kf8 45. Qb6 Kf7 46. d5 h5 47. Qd8 b5 48. d6 Re8 49. Qc7+ 1-0

[Event "Valencia-ch B"]
[Site "Denia"]
[Date "2019.05.11"]
[Round "5"]
[White "Chernikov, Vladimir"]
[Black "Martinez Lopez, Jaime"]
[Result "1/2-1/2"]
[WhiteElo "2272"]
[BlackElo "1983"]
[PlyCount "72"]
[EventDate "2019.05.04"]
[EventType "swiss"]
[EventRounds "7"]
[EventCountry "ESP"]
[SourceTitle "EXT 2024"]
[Source "ChessBase"]
[SourceDate "2023.10.10"]
[SourceVersion "1"]
[SourceVersionDate "2023.10.10"]
[SourceQuality "1"]

1. c4 e5 2. Nc3 d6 3. e4 g6 4. g3 Bg7 5. Bg2 Ne7 6. Nge2 Nbc6 7. 0-0 0-0 8. d3 Be6 9. h3 Qd7 10. Kh2 a6 11. Be3 Nd4 12. f4 Rab8 13. Nd5 c6 14. Nf6+ Bxf6 15. fxe5 Bxe5 16. Nxd4 c5 17. Nxe6 Qxe6 18. Rb1 Nc6 19. h4 b5 20. Bh3 Qe7 21. Bg5 Qc7 22. b3 Nd4 23. h5 a5 24. cxb5 Rxb5 25. hxg6 hxg6 26. Qg4 Rfb8 27. Rf2 a4 28. Rbf1 axb3 29. Rxf7 Qxf7 30. Rxf7 Kxf7 31. Qd7+ Kg8 32. Be6+ Kh8 33. Qf7 Nxe6 34. Qxe6 b2 35. Qh3+ Kg8 36. Qe6+ Kh8 1/2-1/2

[Event "EU-ch Seniors 50 19th"]
[Site "Rhodes"]
[Date "2019.04.06"]
[Round "1"]
[White "Martinez Lopez, Jaime"]
[Black "Lewis, Andrew P"]
[Result "0-1"]
[WhiteElo "1992"]
[BlackElo "2347"]
[PlyCount "88"]
[EventDate "2019.04.06"]
[EventType "swiss"]
[EventRounds "9"]
[EventCountry "GRE"]
[SourceTitle "CBM 189 Extra"]
[Source "ChessBase"]
[SourceDate "2019.06.03"]
[SourceVersion "1"]
[SourceVersionDate "2019.06.03"]
[SourceQuality "1"]

1. d4 Nf6 2. Nf3 g6 3. Bg5 Bg7 4. Nbd2 0-0 5. c3 d6 6. e4 c5 7. dxc5 dxc5 8. Bc4 Nc6 9. 0-0 Qc7 10. Re1 h6 11. Bh4 Nh5 12. Qc2 Na5 13. Bf1 Be6 14. Qa4 g5 15. Bg3 Nxg3 16. hxg3 a6 17. Nb3 Nxb3 18. axb3 b5 19. Qa5 Qxa5 20. Rxa5 Bxb3 21. Rea1 Ba4 22. Nd2 Be5 23. Nc4 Bc7 24. R1xa4 Bxa5 25. Rxa5 bxc4 26. Bxc4 Rfd8 27. Rxc5 a5 28. Kf1 Rdc8 29. Rxc8+ Rxc8 30. Bb5 Kg7 31. Ke2 Kf6 32. f4 Ke6 33. Ke3 Kd6 34. c4 Kc5 35. b3 Rd8 36. Ba4 e6 37. e5 Rb8 38. Bb5 Rd8 39. Ba4 Rg8 40. g4 gxf4+ 41. Kxf4 Kd4 42. g3 Rg5 43. Be8 Rxe5 44. Bxf7 Re1 0-1

[Event "Seville op 44th"]
[Site "Seville"]
[Date "2019.01.12"]
[Round "2"]
[White "Saric, Ante"]
[Black "Martinez Lopez, Jaime"]
[Result "1-0"]
[WhiteElo "2536"]
[BlackElo "2003"]
[PlyCount "59"]
[EventDate "2019.01.11"]
[EventType "swiss"]
[EventRounds "9"]
[EventCountry "ESP"]
[SourceTitle "CBM 188 Extra"]
[Source "ChessBase"]
[SourceDate "2019.02.26"]
[SourceVersion "1"]
[SourceVersionDate "2019.02.26"]
[SourceQuality "1"]

1. d4 d6 2. Nf3 g6 3. g3 Bg7 4. Bg2 Nc6 5. d5 Nb8 6. 0-0 Nf6 7. c4 c6 8. Nc3 0-0 9. e4 Na6 10. dxc6 bxc6 11. e5 Ne8 12. Nd4 Bb7 13. Bxc6 Bxc6 14. Nxc6 Qd7 15. Nd5 e6 16. Nde7+ Kh8 17. Bf4 Nb8 18. Nxb8 Rxb8 19. exd6 e5 20. Bg5 f6 21. Bc1 Nxd6 22. Nxg6+ hxg6 23. c5 Rfd8 24. cxd6 Qxd6 25. Qa4 Qd4 26. Qa5 Rd5 27. Qc7 Qb6 28. Qf7 Rbd8 29. Qxg6 Rd1 30. Qh5+ 1-0

[Event "La Roda op 44th"]
[Site "La Roda"]
[Date "2017.04.12"]
[Round "1"]
[White "Martinez Lopez, Jaime"]
[Black "Perez Candelario, Manuel"]
[Result "0-1"]
[WhiteElo "2014"]
[BlackElo "2576"]
[PlyCount "58"]
[EventDate "2017.04.12"]
[EventType "swiss"]
[EventRounds "9"]
[EventCountry "ESP"]
[SourceTitle "CBM 177 Extra"]
[Source "ChessBase"]
[SourceDate "2017.04.27"]
[SourceVersion "1"]
[SourceVersionDate "2017.04.27"]
[SourceQuality "1"]

1. Nf3 d6 2. g3 e5 3. d3 g6 4. Bg2 Bg7 5. c4 Ne7 6. Nc3 0-0 7. h4 Nd7 8. h5 Nf6 9. hxg6 fxg6 10. Ng5 c6 11. Qb3 h6 12. Nge4 Nf5 13. e3 Rf7 14. Bd2 Be6 15. 0-0-0 a6 16. Qc2 Rc8 17. Kb1 b5 18. b3 a5 19. Bc1 a4 20. Bb2 axb3 21. axb3 Ne8 22. Qe2 Ra7 23. Kc2 d5 24. Nd2 bxc4 25. dxc4 Ned6 26. Ra1 Rb7 27. Rhb1 Bf7 28. Kd1 d4 29. exd4 Nxd4 0-1

[Event "Lisbon Portugal op"]
[Site "Lisbon"]
[Date "2017.02.10"]
[Round "9"]
[White "Fernandes, Ricardo Paulos"]
[Black "Martinez Lopez, Jaime"]
[Result "0-1"]
[WhiteElo "1790"]
[BlackElo "2041"]
[PlyCount "70"]
[EventDate "2017.02.04"]
[EventType "swiss"]
[EventRounds "9"]
[EventCountry "POR"]
[SourceTitle "CBM 176 Extra"]
[Source "ChessBase"]
[SourceDate "2017.03.02"]
[SourceVersion "1"]
[SourceVersionDate "2017.03.02"]
[SourceQuality "1"]

1. b3 Nf6 2. Bb2 g6 3. Nf3 Bg7 4. g3 0-0 5. Bg2 c5 6. 0-0 Nc6 7. Nc3 d5 8. e3 e5 9. d4 cxd4 10. exd4 e4 11. Ne5 Re8 12. Nxc6 bxc6 13. Na4 Bg4 14. Qd2 Qc8 15. Rac1 Bh3 16. c4 Bxg2 17. Kxg2 Ng4 18. Qe2 e3 19. f3 Nf2 20. g4 h5 21. h3 Qd8 22. Kg3 h4+ 23. Kg2 Qd6 24. Rg1 Qf4 25. cxd5 cxd5 26. Nc3 Rad8 27. Nd1 Nd3 28. Rc2 Qg3+ 29. Kf1 Qxh3+ 30. Qg2 Qxg2+ 31. Rgxg2 Nf4 32. Rh2 e2+ 33. Rhxe2 Nxe2 34. Rxe2 Rxe2 35. Kxe2 Re8+ 0-1

[Event "Lisbon Portugal op"]
[Site "Lisbon"]
[Date "2017.02.08"]
[Round "7"]
[White "Rego, Pedro Filipe"]
[Black "Martinez Lopez, Jaime"]
[Result "1-0"]
[WhiteElo "2232"]
[BlackElo "2041"]
[PlyCount "43"]
[EventDate "2017.02.04"]
[EventType "swiss"]
[EventRounds "9"]
[EventCountry "POR"]
[SourceTitle "CBM 176 Extra"]
[Source "ChessBase"]
[SourceDate "2017.03.02"]
[SourceVersion "1"]
[SourceVersionDate "2017.03.02"]
[SourceQuality "1"]

1. Nf3 d6 2. e4 Nf6 3. Nc3 e5 4. d4 Nbd7 5. Bc4 Be7 6. Bg5 0-0 7. dxe5 Nxe5 8. Nxe5 dxe5 9. Qe2 c6 10. Rd1 Qc7 11. 0-0 b5 12. Bb3 Bb7 13. a4 a6 14. Rd3 c5 15. Bxf6 c4 16. Bxg7 cxd3 17. Qg4 Bc8 18. Qg3 Bh4 19. Qxh4 Kxg7 20. Qg5+ Kh8 21. Qf6+ Kg8 22. Nd5 1-0

[Event "Reykjavik op"]
[Site "Reykjavik"]
[Date "2015.03.17"]
[Round "9"]
[White "Hauksson, Hordur Aron"]
[Black "Martinez Lopez, Jaime"]
[Result "0-1"]
[WhiteElo "1853"]
[BlackElo "2044"]
[PlyCount "80"]
[EventDate "2015.03.10"]
[EventType "swiss"]
[EventRounds "10"]
[EventCountry "ISL"]
[SourceTitle "CBM 165 Extra"]
[Source "ChessBase"]
[SourceDate "2015.04.21"]
[SourceVersion "1"]
[SourceVersionDate "2015.04.21"]
[SourceQuality "1"]

1. d4 d6 2. Nf3 Bg4 3. e4 Nf6 4. Nc3 e6 5. Bg5 Be7 6. Qd2 c6 7. 0-0-0 d5 8. h3 Bh5 9. e5 Nfd7 10. Bxe7 Qxe7 11. g4 Bg6 12. Ng1 h5 13. f3 a6 14. Bg2 hxg4 15. hxg4 Rxh1 16. Bxh1 c5 17. f4 cxd4 18. Qxd4 Nc6 19. Qf2 0-0-0 20. Nge2 Rh8 21. a3 Qc5 22. Qxc5 Nxc5 23. Bf3 Rh3 24. Ng1 Rh2 25. Rd2 Rh4 26. f5 Bh7 27. f6 Nxe5 28. Nxd5 Nxf3 29. Ne7+ Kc7 30. Nxf3 Rxg4 31. b4 Ne4 32. Rh2 Nxf6 33. Rd2 Nd7 34. Kb2 Rg3 35. Nd4 Kd8 36. Rh2 Nf6 37. Nec6+ bxc6 38. Nxc6+ Kc7 39. Ne5 Bg6 40. a4 Ng4 0-1

[Event "Reykjavik op"]
[Site "Reykjavik"]
[Date "2015.03.15"]
[Round "7"]
[White "Birkisson, Bjorn Holm"]
[Black "Martinez Lopez, Jaime"]
[Result "0-1"]
[WhiteElo "1845"]
[BlackElo "2044"]
[PlyCount "126"]
[EventDate "2015.03.10"]
[EventType "swiss"]
[EventRounds "10"]
[EventCountry "ISL"]
[SourceTitle "CBM 165 Extra"]
[Source "ChessBase"]
[SourceDate "2015.04.21"]
[SourceVersion "1"]
[SourceVersionDate "2015.04.21"]
[SourceQuality "1"]

1. e4 d6 2. d4 Nf6 3. Nc3 e5 4. dxe5 dxe5 5. Qxd8+ Kxd8 6. Bg5 Be6 7. 0-0-0+ Nbd7 8. Nf3 Bd6 9. Bd3 a6 10. Nd2 Ke8 11. Bc4 h6 12. Bxe6 fxe6 13. Be3 b5 14. f3 Ke7 15. Rhe1 Nb8 16. Bg1 Nc6 17. Nb3 Nd7 18. Re2 Rhb8 19. Nd2 a5 20. Ndb1 a4 21. b3 Na5 22. Kd2 c5 23. Ke1 Nc6 24. Red2 Nd4 25. Ne2 b4 26. f4 Nxe2 27. Rxd6 Nd4 28. Bxd4 exd4 29. e5 Rf8 30. g3 g5 31. c3 bxc3 32. Nxc3 axb3 33. axb3 gxf4 34. Na4 fxg3 35. hxg3 Nxe5 36. Rb6 Rac8 37. Ke2 d3+ 38. Ke3 c4 39. Ke4 Ng4 40. Kd4 Rfd8+ 41. Kc3 cxb3+ 42. Kxb3 d2 43. Nb2 Rc1 44. Rb7+ Kf6 45. Rb4 Ne3 46. Rf4+ Ke7 47. Rxd2 Rxd2 48. Re4 Rb1 49. Rxe3 Rbxb2+ 50. Ka3 Rb8 51. Re4 Rd3+ 52. Ka2 Rxg3 53. Ra4 h5 54. Ra5 h4 55. Rh5 h3 56. Rh4 Rg2+ 57. Ka3 h2 58. Rh5 Rb1 59. Rh4 h1Q 60. Rxh1 Rxh1 61. Kb3 Rc1 62. Ka3 Rb1 63. Ka4 Ra2# 0-1

[Event "Provincial-ch Valencia"]
[Site "Valencia"]
[Date "2013.11.02"]
[Round "4"]
[White "Gonzalvez Perales, Jose Luis"]
[Black "Martinez Lopez, Jaime"]
[Result "1-0"]
[WhiteElo "1988"]
[BlackElo "2066"]
[PlyCount "48"]
[EventDate "2013.10.05"]
[EventType "swiss"]
[EventRounds "7"]
[EventCountry "ESP"]
[SourceTitle "EXT 2024"]
[Source "ChessBase"]
[SourceDate "2023.10.10"]
[SourceVersion "1"]
[SourceVersionDate "2023.10.10"]
[SourceQuality "1"]

1. e4 d6 2. d4 Nf6 3. Nc3 e5 4. Nf3 Nbd7 5. Bc4 Be7 6. Ng5 0-0 7. Bxf7+ Rxf7 8. Ne6 Qe8 9. Nxc7 Qd8 10. Nxa8 d5 11. Be3 Bb4 12. exd5 Nxd5 13. 0-0 Nf4 14. dxe5 Qg5 15. Bxf4 Rxf4 16. Qd5+ Kh8 17. e6 Ne5 18. Rad1 Be7 19. Nc7 Rf5 20. Qe4 Nf3+ 21. Kh1 Nxh2 22. Kxh2 Qh6+ 23. Kg1 Rf4 24. Qd5 Rh4 1-0

[Event "Mislata op-A 20th"]
[Site "Mislata"]
[Date "2012.08.13"]
[Round "1"]
[White "Martinez Lopez, Jaime"]
[Black "Sanchez Saez, Francisco"]
[Result "0-1"]
[WhiteElo "2098"]
[BlackElo "2289"]
[PlyCount "56"]
[EventDate "2012.08.13"]
[EventType "swiss"]
[EventRounds "9"]
[EventCountry "ESP"]
[SourceTitle "EXT 2013"]
[Source "ChessBase"]
[SourceDate "2012.11.22"]
[SourceVersion "1"]
[SourceVersionDate "2012.11.22"]
[SourceQuality "1"]

1. Nf3 Nf6 2. c4 g6 3. Nc3 Bg7 4. g3 0-0 5. Bg2 d6 6. 0-0 Nbd7 7. Qc2 e5 8. d3 c6 9. Nd2 Ne8 10. b4 a6 11. a4 f5 12. Ba3 Ndf6 13. b5 axb5 14. axb5 c5 15. Bb2 Rxa1 16. Rxa1 f4 17. Ra8 fxg3 18. hxg3 Qd7 19. Nd1 Nc7 20. Ra7 Ne6 21. Bh3 g5 22. Ne3 Qf7 23. Nf5 g4 24. Nxd6 Qc7 25. Bxe5 gxh3 26. Nf3 Ng4 27. Ne8 Qf7 28. Bxg7 Nxg7 0-1

[Event "Albacete op U2300 1st"]
[Site "Albacete"]
[Date "2012.04.30"]
[Round "6"]
[White "Bas Mas, Jose Joaquin"]
[Black "Martinez Lopez, Jaime"]
[Result "1-0"]
[WhiteElo "2227"]
[BlackElo "2099"]
[PlyCount "69"]
[EventDate "2012.04.27"]
[EventType "swiss"]
[EventRounds "9"]
[EventCountry "ESP"]
[SourceTitle "EXT 2014"]
[Source "ChessBase"]
[SourceDate "2013.11.20"]
[SourceVersion "1"]
[SourceVersionDate "2013.11.20"]
[SourceQuality "1"]

1. e4 d6 2. c4 g6 3. d4 Bg7 4. Nc3 c5 5. Nf3 Qa5 6. Qd3 Nc6 7. dxc5 dxc5 8. Bd2 Bg4 9. Nd5 Qd8 10. Bc3 Nf6 11. e5 Nxd5 12. cxd5 Nb4 13. Bxb4 cxb4 14. Qe4 Bf5 15. Bb5+ Kf8 16. Qxb4 Qxd5 17. 0-0 a5 18. Qa4 Bxe5 19. Rfd1 Qe6 20. Re1 f6 21. Rad1 Qb6 22. Nxe5 fxe5 23. Rxe5 Rd8 24. Rde1 e6 25. g4 Rd4 26. Qa3+ Kf7 27. gxf5 gxf5 28. Rxf5+ exf5 29. Qe7+ Kg8 30. Qe8+ Kg7 31. Re7+ Kf6 32. Qf7+ Kg5 33. Qg7+ Kh4 34. Qg3+ Kh5 35. Be2+ 1-0